Figur nach Darsteller: Harry Potter (Filme) - Statistiken

Allgemein
  • Dieses Quiz wurde 72 mal gespielt
  • Das Durchschnittsergebnis liegt bei 10 aus 20
Antwortstatistiken
Darsteller Figur % Korrekt
Rupert Grint Ron Weasley
100%
Alan Rickman Severus Snape
100%
Daniel Radcliffe Harry Potter
97%
Emma Watson Hermine Granger
97%
Michael Gambon Albus Dumbledore
89%
Richard Harris Albus Dumbledore
88%
Tom Felton Draco Malfoy
88%
Maggie Smith Minerva McGonagall
84%
Robbie Coltrane Rubeus Hagrid
79%
Gary Oldman Sirius Black
78%
James Phelps Fred Weasley
75%
Ralph Fiennes Lord Voldemort
75%
Bonnie Wright Ginny Weasley
74%
Evanna Lynch Luna Lovegood
71%
Julie Walters Molly Weasley
69%
Matthew Lewis Neville Longbottom
67%
Robert Pattinson Cedric Diggory
65%
Helena Bonham Carter Bellatrix Lestrange
64%
Oliver Phelps George Weasley
57%
Katie Leung Cho Chang
53%
Jason Isaacs Lucius Malfoy
53%
Hero Fiennes Tiffin Tom Riddle
46%
Brendan Gleeson Alastor Moody
45%
Warwick Davis Filius Flitwick
45%
Clémence Poésy Fleur Delacour
44%
Kenneth Branagh Gilderoy Lockhart
40%
Emma Thompson Sibyll Trelawney
40%
Stanislaw Janewski Viktor Krum
40%
Jamie Waylett Vincent Crabbe
39%
Imelda Staunton Dolores Umbridge
38%
David Thewlis Remus Lupin
38%
John Hurt Garrick Olivander
37%
Adrian Rawlins James Potter
35%
Zoe Wanamaker Rolanda Hooch
35%
Mark Williams Arthur Weasley
33%
Helen McCrory Narcissa Malfoy
32%
Timothy Spall Peter Pettigrew
30%
Josh Herdman Gregory Goyle
29%
Sean Biggerstaff Oliver Wood
27%
Richards Griffiths Vernon Dursley
27%
Geraldine Somerville Lily Potter
25%
Devon Murray Seamus Finnigan
25%
Miriam Margolyes Pomona Sprout
24%
Christian Coulson Tom Riddle
24%
Robert Hardy Cornelius Fudge
23%
Jim Broadbent Horace Slughorn
22%
Fiona Shaw Petunia Dursley
20%
Ian Hart Quirinus Quirrell
19%
Harry Melling Dudley Dursley
18%
Shirley Henderson Maulende Myrte
17%
Chris Rankin Percy Weasley
14%
John Cleese Der fast kopflose Nick
13%
David Bradley Argus Filch
9%
Gemma Jones Poppy Pomfrey
0%
Keine übereinstimmenden Quizze gefunden
Verteilung der Resultate
Anzahl Personen mit jedem Resultat
Perzentil nach korrekt beantworteten Fragen
Ihre Resultats-Entwicklung
Sie haben dieses Quiz noch nicht gespielt